Music Quiz

Random Music or Song Quiz
Score 0/132 Timer 10:00
13 Plays Today
% Correct
the
95.8%
the
95.8%
the
95.8%
the
95.8%
the
95.8%
the
95.8%
the
95.8%
the
95.8%
the
95.8%
The
95.8%
the
95.8%
the
95.8%
The
95.8%
The
95.8%
be
81.5%
be
81.5%
be
81.5%
And
81.4%
and
81.4%
And
81.4%
and
81.4%
and
81.4%
And
81.4%
and
81.4%
and
81.4%
it
79.8%
it
79.8%
we
78.5%
we
78.5%
we
78.5%
to
76%
to
76%
to
76%
to
76%
in
75.8%
on
73.6%
on
73.6%
On
73.6%
On
73.6%
can
73.4%
can
73.4%
can
73.4%
of
69.8%
of
69.7%
% Correct
of
69.7%
of
69.7%
do
67.3%
love
65.1%
love
65.1%
see
59.5%
us
57.2%
us
57.2%
It's
56.2%
It's
56.2%
It's
56.2%
It's
56.2%
Life
53.3%
Life
53.3%
Life
53.3%
Life
53.3%
all
53.3%
all
53.3%
From
51.9%
day
51.7%
ever
51.6%
ever
51.6%
ever
51.6%
Circle
50.9%
Circle
50.9%
Circle
50.9%
Circle
50.9%
Circle
50.9%
Circle
50.9%
our
49.6%
our
49.6%
too
49.4%
than
45.9%
than
45.9%
than
45.9%
sun
45.5%
sun
45.5%
more
45%
More
45%
More
45%
done
44.6%
seen
43.8%
planet
42.5%
arrive
40.6%
% Correct
There's
40.4%
There's
40.4%
find
40.2%
find
40.2%
find
40.2%
into
40.2%
But
39.7%
here
39.6%
moves
39.4%
moves
39.4%
sky
38.8%
take
38.5%
much
37.5%
step
35.9%
found
35.2%
far
35%
Through
34.7%
Through
34.7%
Through
34.7%
Through
34.7%
Through
34.7%
path
34.2%
path
34.2%
place
34.2%
place
34.2%
high
34.1%
unwinding
31.9%
unwinding
31.9%
blinking
31.7%
sapphire
31%
Till
30.9%
Till
30.9%
hope
30.2%
hope
30.2%
rolling
28.6%
faith
28.5%
faith
28.5%
small
26.3%
great
25.8%
endless
25.6%
despair
24.4%
despair
24.4%
round
22.2%
Keeps
18.5%
Remove Ads.
Support Sporcle.
Get the best of Sporcle when you Go Orange. This ad-free experience offers more features, more stats, and more fun while also helping to support Sporcle. Thank you for becoming a member.

You're not logged in!

Compare scores with friends on all Sporcle quizzes.
OR
Log In

Show Comments

Extras

Top Quizzes Today


Score Distribution

Your Account Isn't Verified!

In order to create a playlist on Sporcle, you need to verify the email address you used during registration. Go to your Sporcle Settings to finish the process.

Report this User

Report this user for behavior that violates our Community Guidelines.

Details: